000 00613nam a22002177a 4500
003 UA-OsUOA
001 98325
007 ta
008 20130415b un ||||| |||| 00| 0 ukr d
090 _a821.21
_bР24
942 _cBK
040 _aUA-OsUOA
_brus
_cUA-OsUOA
_dUA-OsUOA
245 _aРассказы индийских писателей
_bсборник в двух томах
_c2
300 _a456 с.
955 _a3
041 _arus
080 _a821.21
260 _aМ.
_bХудож. лит.
_c1959
650 7 _a82 Література. Літературознавство
_2UDC
999 _c384823
_d384823